000 01031cab a2200241 4500
001 ABS68573
008 041223n2004 000 0 eng u
035 _a(Sirsi) u128407
100 _aJohnson, G.
245 _aMismanage waste at your own peril
260 _c2004
490 _aFarmers' Weekly
_v14125) 17 December 2004, 64-67(4)
520 _aConsiders how farmers could comply with new agricultural waste regulations. Farmers will no longer be able to use farm pits to dispose of waste as it would be classified as a landfill and require a permit. Explains the waste regulations and sets out what is agricultural waste. Includes tips on recycling and dealing with waste material including hazardous material.
590 _aABS
650 _aWASTE REGULATIONS
650 _aAGRICULTURAL WASTE
650 _aLANDFILL REGULATIONS (ENGLAND AND WALES) 2002
650 _aFARMING PRACTICES
650 _aDIRECTIVE 75/442/EEC
650 _aHAZARDOUS WASTE
690 _aRURAL-AGRICULTURE AND FORESTRY
942 _n0
999 _c74696
_d74696